[Event "BCF-chT3N 1920 (4NCL)"]
[Site "England"]
[Date "2020.02.09"]
[Round "6.41"]
[White "Crocker, Philip J"]
[Black "Haslinger, Gareth"]
[Result "1-0"]
[WhiteElo "2081"]
[BlackElo "2021"]
[PlyCount "151"]
[EventDate "2019.11.09"]
[EventType "team-swiss"]
[EventRounds "11"]
[EventCountry "ENG"]
[SourceTitle "EXT 2022"]
[Source "ChessBase"]
[SourceDate "2021.10.06"]
[SourceVersion "1"]
[SourceVersionDate "2021.10.06"]
[SourceQuality "1"]
[WhiteTeam "Spirit of Atticus II"]
[BlackTeam "Manx Liberty II"]
[WhiteTeamCountry "ENG"]
[BlackTeamCountry "ENG"]

1. d4 d5 2. c4 e6 3. Nf3 c6 4. e3 f5 5. Bd3 Nf6 6. 0-0 Bd6 7. b3 Qe7 8. Bb2 0-0 9. Nc3 Ne4 10. Rc1 Nd7 11. Ne2 b6 12. Ne5 Bb7 13. f3 Nec5 14. Bb1 Rac8 15. Nf4 Nxe5 16. dxe5 Bb8 17. Qc2 Nd7 18. Nd3 c5 19. f4 Kh8 20. Nf2 Qh4 21. Nh3 h6 22. Qf2 Qh5 23. Bd3 g5 24. Qe2 Qxe2 25. Bxe2 Rg8 26. cxd5 Bxd5 27. g3 Rg7 28. Rfd1 Nf8 29. Rd2 Ng6 30. Bc4 Ne7 31. Rcd1 Kg8 32. Kf2 g4 33. Ng1 Kf7 34. Bxd5 Nxd5 35. Rxd5 exd5 36. e6+ Kf8 37. Bxg7+ Kxg7 38. Rxd5 Kf6 39. Rd7 Kxe6 40. Rh7 b5 41. Ne2 Rd8 42. Rxh6+ Ke7 43. Nc3 Rd2+ 44. Ke1 Rc2 45. Nxb5 Rxa2 46. Rc6 a6 47. Nc3 Rxh2 48. Rxc5 Bd6 49. Rc4 Rg2 50. Ne2 a5 51. Kf1 Rh2 52. Nd4 Rh5 53. Nc6+ Ke6 54. Nxa5 Kd5 55. Rd4+ Ke6 56. Nc4 Bc5 57. Rd8 Rh1+ 58. Kf2 Rb1 59. Re8+ Kd7 60. Re5 Bb4 61. Rxf5 Be1+ 62. Kg2 Rxb3 63. Rg5 Rc3 64. Ne5+ Ke6 65. Nxg4 Rc2+ 66. Kf3 Bb4 67. Rb5 Bc5 68. Rb3 Rc1 69. Ne5 Bd6 70. Nd3 Rh1 71. Nf2 Re1 72. Ne4 Be7 73. Rb6+ Kf7 74. Nd6+ Kf8 75. Rb8+ Kg7 76. Nf5+ 1-0

[Event "BCF-chT3N 1920 (4NCL)"]
[Site "England"]
[Date "2020.01.12"]
[Round "4.61"]
[White "Haslinger, Gareth"]
[Black "Gardiner, Eric D"]
[Result "1/2-1/2"]
[WhiteElo "2021"]
[BlackElo "1960"]
[PlyCount "113"]
[EventDate "2019.11.09"]
[EventType "team-swiss"]
[EventRounds "11"]
[EventCountry "ENG"]
[SourceTitle "EXT 2022"]
[Source "ChessBase"]
[SourceDate "2021.10.06"]
[SourceVersion "1"]
[SourceVersionDate "2021.10.06"]
[SourceQuality "1"]
[WhiteTeam "Manx Liberty II"]
[BlackTeam "Euwe's North Sea Tigers"]
[WhiteTeamCountry "ENG"]
[BlackTeamCountry "ENG"]

1. d4 d6 2. Nf3 Bg4 3. e4 Nf6 4. Nc3 e6 5. h3 Bh5 6. Qe2 c6 7. g4 Bg6 8. h4 h5 9. g5 Nfd7 10. Bh3 Be7 11. d5 cxd5 12. exd5 e5 13. Be3 Na6 14. 0-0 0-0 15. Nd2 f5 16. gxf6 Nxf6 17. Be6+ Bf7 18. Bxf7+ Rxf7 19. Nde4 Nxe4 20. Nxe4 g6 21. Ng5 Bxg5 22. Bxg5 Qd7 23. Qe4 Qf5 24. Qxf5 gxf5 25. a3 Rc8 26. Rac1 Nc5 27. b4 Ne4 28. Be3 f4 29. Bxa7 Ra8 30. Bb6 Rxa3 31. Kh2 Nd2 32. Rg1+ Kh7 33. Rgd1 Nf3+ 34. Kg2 Rg7+ 35. Kf1 Nxh4 36. c3 Nf5 37. Ke2 Ra8 38. c4 Ra6 39. c5 Nd4+ 40. Kd3 Ra3+ 41. Rc3 Rxc3+ 42. Kxc3 dxc5 43. bxc5 Kg6 44. c6 bxc6 45. dxc6 Kf5 46. Bxd4 exd4+ 47. Rxd4 Rc7 48. Rd6 Ke4 49. Rh6 Kf3 50. Kd4 Kxf2 51. Ke5 f3 52. Kd6 Rxc6+ 53. Kxc6 Kg2 54. Rxh5 f2 55. Rg5+ Kh2 56. Rf5 Kg2 57. Kd5 1/2-1/2

[Event "Leyland op"]
[Site "Leyland"]
[Date "2019.08.25"]
[Round "4"]
[White "Lyth, John D"]
[Black "Haslinger, Gareth"]
[Result "0-1"]
[WhiteElo "1969"]
[BlackElo "2035"]
[PlyCount "64"]
[EventDate "2019.08.24"]
[EventType "swiss"]
[EventRounds "6"]
[EventCountry "ENG"]
[SourceTitle "EXT 2020"]
[Source "ChessBase"]
[SourceDate "2019.10.17"]
[SourceVersion "1"]
[SourceVersionDate "2019.10.17"]
[SourceQuality "1"]

1. d4 d5 2. Nf3 c6 3. c4 e6 4. e3 f5 5. Bd3 Nf6 6. 0-0 Bd6 7. b3 Qe7 8. Qc2 0-0 9. cxd5 cxd5 10. Nc3 Bd7 11. Bb2 Nc6 12. Qe2 a6 13. Rfc1 Rac8 14. a3 Na5 15. Nd2 Ne4 16. Bxe4 fxe4 17. b4 Nc4 18. Nxc4 Rxc4 19. Nd1 Rfc8 20. Rxc4 Rxc4 21. Rc1 Rxc1 22. Bxc1 e5 23. Bb2 exd4 24. Bxd4 Qh4 25. f4 exf3 26. gxf3 Bb5 27. Qf2 Bxh2+ 28. Qxh2 Qe1+ 29. Kg2 Bf1+ 30. Kh1 Be2+ 31. Kg2 Qf1+ 32. Kg3 Qxf3+ 0-1

[Event "BCF-chT3N 1617 (4NCL)"]
[Site "England"]
[Date "2017.02.12"]
[Round "6.24"]
[White "Davison, Colin FS"]
[Black "Haslinger, Gareth"]
[Result "1/2-1/2"]
[WhiteElo "1932"]
[BlackElo "2070"]
[PlyCount "63"]
[EventDate "2016.11.26"]
[EventType "team-swiss"]
[EventRounds "11"]
[EventCountry "ENG"]
[SourceTitle "EXT 2019"]
[Source "ChessBase"]
[SourceDate "2018.10.10"]
[SourceVersion "1"]
[SourceVersionDate "2018.10.10"]
[SourceQuality "1"]
[WhiteTeam "Cheddleton II"]
[BlackTeam "Manx Liberty"]
[WhiteTeamCountry "ENG"]
[BlackTeamCountry "IOM"]

1. c4 f5 2. Nf3 Nf6 3. g3 e6 4. Bg2 d5 5. 0-0 c6 6. b3 a5 7. Bb2 Be7 8. d3 0-0 9. Nbd2 Na6 10. Ne5 Nc5 11. Qc2 Ng4 12. Nxg4 fxg4 13. d4 Nd7 14. e4 Nf6 15. e5 Nd7 16. Rad1 a4 17. h3 gxh3 18. Bxh3 Nb8 19. Nb1 axb3 20. axb3 Qe8 21. Nc3 Qh5 22. Bg2 Bd7 23. Na4 Be8 24. Ra1 Bg6 25. Qd1 Qxd1 26. Rfxd1 Nd7 27. Re1 Bf5 28. c5 Bg5 29. f4 Be7 30. Nc3 h5 31. Bf3 g6 32. Kf2 1/2-1/2

[Event "Delft Prinsenstad op-B"]
[Site "Delft"]
[Date "2015.04.04"]
[Round "3"]
[White "Haslinger, Gareth"]
[Black "Holwijn, Melvin"]
[Result "0-1"]
[WhiteElo "2031"]
[BlackElo "1951"]
[PlyCount "146"]
[EventDate "2015.04.03"]
[EventType "swiss"]
[EventRounds "6"]
[EventCountry "NED"]
[SourceTitle "EXT 2018"]
[Source "ChessBase"]
[SourceDate "2017.10.13"]
[SourceVersion "1"]
[SourceVersionDate "2017.10.13"]
[SourceQuality "1"]

1. d4 Nf6 2. Nf3 e6 3. Bf4 d5 4. e3 Bd6 5. Bg3 c5 6. c3 0-0 7. Nbd2 Nc6 8. Ne5 c4 9. f4 Qc7 10. Be2 b5 11. 0-0 Ne7 12. Bf3 Bb7 13. Qc2 Nf5 14. Bf2 h5 15. g4 hxg4 16. Nxg4 Nxg4 17. Bxg4 Nh6 18. Be2 Qe7 19. Nf3 Nf5 20. Kh1 f6 21. Nh4 Qd7 22. Nxf5 exf5 23. Bh5 Qe6 24. Bg6 Qe4+ 25. Qxe4 fxe4 26. Rg1 Bc6 27. Bf5 Rae8 28. Rg2 Re7 29. Rag1 Bd7 30. Bg6 Be8 31. Bf5 Bh5 32. Bg4 Bxg4 33. Rxg4 f5 34. Rg6 Rd7 35. Bh4 Rff7 36. Bf6 Bf8 37. Be5 b4 38. h4 bxc3 39. bxc3 Rb7 40. h5 Kh7 41. R1g2 Rb1+ 42. Kh2 Rb6 43. Rxb6 axb6 44. Rb2 Ra7 45. Kg3 Ra3 46. Rxb6 Rxc3 47. Rb8 Rxe3+ 48. Kf2 Rf3+ 49. Ke2 Ba3 50. Rb7 Rg3 51. Kf2 Rg4 52. Ra7 Bb2 53. a4 c3 54. Rc7 Kh6 55. a5 Kxh5 56. a6 Rg6 57. a7 Ra6 58. Rxg7 Rxa7 59. Rxa7 c2 60. Rc7 c1Q 61. Rxc1 Bxc1 62. Kg3 Bd2 63. Bc7 Be1+ 64. Kg2 Kg4 65. Kf1 Bg3 66. Bd6 Bxf4 67. Bc5 Be3 68. Ke2 f4 69. Bb6 Bc1 70. Bc7 f3+ 71. Kf2 Bf4 72. Bd8 e3+ 73. Ke1 Bg3+ 0-1

[Event "Delft Prinsenstad op-B"]
[Site "Delft"]
[Date "2015.04.04"]
[Round "4"]
[White "Van den Berg, Cees"]
[Black "Haslinger, Gareth"]
[Result "1/2-1/2"]
[WhiteElo "1901"]
[BlackElo "2031"]
[PlyCount "42"]
[EventDate "2015.04.03"]
[EventType "swiss"]
[EventRounds "6"]
[EventCountry "NED"]
[SourceTitle "EXT 2018"]
[Source "ChessBase"]
[SourceDate "2017.10.13"]
[SourceVersion "1"]
[SourceVersionDate "2017.10.13"]
[SourceQuality "1"]

1. e4 d5 2. exd5 Qxd5 3. Nf3 Bg4 4. Be2 Nc6 5. h3 Bh5 6. d4 0-0-0 7. c4 Qd7 8. d5 Bxf3 9. Bxf3 Ne5 10. Qe2 Nxf3+ 11. Qxf3 e6 12. Nc3 Nf6 13. 0-0 exd5 14. Nxd5 Nxd5 15. Rd1 Bd6 16. cxd5 Qe7 17. Be3 Kb8 18. Re1 Qd7 19. a3 Rhe8 20. Rad1 f6 21. b4 Re7 1/2-1/2

[Event "Seville op 39th"]
[Site "Seville"]
[Date "2014.01.12"]
[Round "3"]
[White "Haslinger, Gareth"]
[Black "Sgnaolin, Davide"]
[Result "1/2-1/2"]
[WhiteElo "2049"]
[BlackElo "2221"]
[PlyCount "46"]
[EventDate "2014.01.10"]
[EventType "swiss"]
[EventRounds "9"]
[EventCountry "ESP"]
[SourceTitle "CBM 158 Extra"]
[Source "ChessBase"]
[SourceDate "2014.02.28"]
[SourceVersion "1"]
[SourceVersionDate "2014.02.28"]
[SourceQuality "1"]

1. d4 Nf6 2. Nf3 e6 3. Bf4 c5 4. c3 b6 5. e3 Bb7 6. Bd3 Be7 7. h3 0-0 8. 0-0 cxd4 9. cxd4 Nd5 10. Bh2 f5 11. Nbd2 Nc6 12. Rc1 Ncb4 13. Bc4 Nf6 14. a3 Nbd5 15. Bd3 Qe8 16. Qe2 Qh5 17. Ne5 Qxe2 18. Bxe2 Rac8 19. Bb5 Rxc1 20. Rxc1 Rc8 21. Rc4 Rxc4 22. Ndxc4 Bc8 23. Nd2 a6 1/2-1/2

[Event "Haarlem Nova College op-A 12th"]
[Site "Haarlem"]
[Date "2013.06.30"]
[Round "6"]
[White "Haslinger, Gareth"]
[Black "Cebula, Jerzy"]
[Result "0-1"]
[WhiteElo "2088"]
[BlackElo "1986"]
[PlyCount "86"]
[EventDate "2013.06.28"]
[EventType "swiss"]
[EventRounds "6"]
[EventCountry "NED"]
[SourceTitle "EXT 2015"]
[Source "ChessBase"]
[SourceDate "2014.11.20"]
[SourceVersion "1"]
[SourceVersionDate "2014.11.20"]
[SourceQuality "1"]

1. d4 Nf6 2. Nf3 c5 3. c3 e6 4. Bf4 d5 5. e3 Nc6 6. Nbd2 Be7 7. Ne5 0-0 8. Bd3 Nxe5 9. dxe5 Ne8 10. Qh5 f5 11. Qe2 Bd7 12. h3 c4 13. Bc2 b5 14. Nf3 b4 15. 0-0 bxc3 16. bxc3 Qa5 17. Qd2 Nc7 18. a4 Na6 19. Rfb1 Rab8 20. Bg5 Bxg5 21. Nxg5 Rb6 22. Rxb6 axb6 23. g4 h6 24. Nf3 fxg4 25. Nd4 gxh3 26. Kh2 Nc5 27. f3 b5 28. Rg1 Qc7 29. f4 bxa4 30. Kxh3 Be8 31. Qg2 Qf7 32. Bd1 Kh8 33. Kh2 Rg8 34. Qh3 a3 35. Bg4 Bd7 36. f5 exf5 37. Nxf5 Bxf5 38. Bxf5 Qc7 39. Rg6 Qxe5+ 40. Kh1 Re8 41. Rxh6+ gxh6 42. Qxh6+ Kg8 43. Bh7+ Kf7 0-1

[Event "Haarlem Nova College op-A 12th"]
[Site "Haarlem"]
[Date "2013.06.29"]
[Round "2"]
[White "Arp, Frans"]
[Black "Haslinger, Gareth"]
[Result "1/2-1/2"]
[WhiteElo "2033"]
[BlackElo "2088"]
[PlyCount "103"]
[EventDate "2013.06.28"]
[EventType "swiss"]
[EventRounds "6"]
[EventCountry "NED"]
[SourceTitle "EXT 2015"]
[Source "ChessBase"]
[SourceDate "2014.11.20"]
[SourceVersion "1"]
[SourceVersionDate "2014.11.20"]
[SourceQuality "1"]

1. e4 d5 2. exd5 Qxd5 3. Nc3 Qa5 4. d4 Nf6 5. Bc4 Bg4 6. Nf3 Nc6 7. 0-0 e6 8. h3 Bxf3 9. Qxf3 0-0-0 10. Be3 Nxd4 11. Bxd4 Rxd4 12. Rad1 Bc5 13. Rxd4 Bxd4 14. Nb5 Rd8 15. c3 Be5 16. b4 Qb6 17. a4 Kb8 18. a5 Qc6 19. Rd1 Rxd1+ 20. Qxd1 Qd7 21. Qe2 Bf4 22. g3 Bh6 23. Nd4 Nd5 24. Qf3 g6 25. a6 c6 26. axb7 Kxb7 27. b5 c5 28. Nb3 Bf8 29. Qd1 Nb6 30. Na5+ Kc7 31. Qf3 Nxc4 32. Qb7+ Kd6 33. Nxc4+ Ke7 34. Qxd7+ Kxd7 35. Ne5+ Kc7 36. Nxf7 c4 37. Ne5 Bg7 38. Nxc4 Bxc3 39. Kf1 e5 40. Ke2 Kd7 41. Kd3 Be1 42. Ke2 Bc3 43. f3 Ke6 44. Kd3 Be1 45. g4 Kd5 46. b6 axb6 47. Nxb6+ Ke6 48. Ke4 Bg3 49. Nc4 Bf4 50. h4 h5 51. gxh5 gxh5 52. Nb2 1/2-1/2

[Event "Isle of Man op-B"]
[Site "Port Erin"]
[Date "2009.09.26"]
[Round "2"]
[White "Haslinger, Gareth"]
[Black "Nicolson, Jim R"]
[Result "1-0"]
[WhiteElo "2049"]
[BlackElo "1930"]
[PlyCount "43"]
[EventDate "2009.09.25"]
[EventType "swiss"]
[EventRounds "5"]
[EventCountry "IOM"]
[SourceTitle "EXT 2015"]
[Source "ChessBase"]
[SourceDate "2014.11.20"]
[SourceVersion "1"]
[SourceVersionDate "2014.11.20"]
[SourceQuality "1"]

1. d4 Nf6 2. Bf4 c5 3. e3 g6 4. c3 b6 5. Nf3 Bb7 6. Be2 Bg7 7. 0-0 0-0 8. a4 d6 9. h3 Nbd7 10. Nbd2 Rc8 11. a5 Nd5 12. Bh2 e5 13. axb6 axb6 14. Nc4 Qe7 15. Ra7 Rc7 16. dxe5 dxe5 17. Rxb7 Nxc3 18. bxc3 Rxb7 19. Qd6 Qxd6 20. Nxd6 Ra7 21. Bc4 h6 22. Rd1 1-0

[Event "Isle of Man op-B"]
[Site "Port Erin"]
[Date "2009.09.26"]
[Round "3"]
[White "Price, Andrew"]
[Black "Haslinger, Gareth"]
[Result "1-0"]
[WhiteElo "2010"]
[BlackElo "2049"]
[PlyCount "73"]
[EventDate "2009.09.25"]
[EventType "swiss"]
[EventRounds "5"]
[EventCountry "IOM"]
[SourceTitle "EXT 2015"]
[Source "ChessBase"]
[SourceDate "2014.11.20"]
[SourceVersion "1"]
[SourceVersionDate "2014.11.20"]
[SourceQuality "1"]

1. e4 d5 2. exd5 Qxd5 3. Nc3 Qa5 4. d4 Nf6 5. Nf3 c6 6. Bc4 Bf5 7. Qe2 e6 8. 0-0 Bb4 9. Bd2 0-0 10. a3 Bxc3 11. Bxc3 Qc7 12. b4 b5 13. Bd3 Bxd3 14. Qxd3 Nbd7 15. Bb2 Nb6 16. Nd2 Rad8 17. Rac1 Rd5 18. c4 Rh5 19. g3 bxc4 20. Nxc4 Qd7 21. Qf3 Qd5 22. Qxd5 Rxd5 23. Nxb6 axb6 24. Rxc6 b5 25. Rfc1 Rfd8 26. R1c5 Kf8 27. Rb6 e5 28. Rbxb5 exd4 29. Rxd5 Nxd5 30. Bxd4 Nc7 31. Bc5+ Ke8 32. Rb7 Rd1+ 33. Kg2 Nd5 34. a4 Ra1 35. a5 Ra2 36. Ra7 Nc3 37. Re7+ 1-0